100 Biggest U.S. Cities in 1930 on a Map - Statistics

General Stats
  • This quiz has been taken 1,266 times
  • The average score is 77 of 100
Answers on the Map
Answers color-coded by a green-red scale on the quiz's map according to % correct below.
 
Answer Stats
Rank State Population City % Correct
2 IL 3,376,438 Chicago
99%
33 TX 260,475 Dallas
99%
5 CA 1,238,048 Los Angeles
99%
1 NY 6,930,446 New York
99%
20 WA 365,583 Seattle
99%
78 FL 110,637 Miami
98%
11 CA 634,394 San Francisco
98%
9 MA 781,188 Boston
97%
29 CO 287,861 Denver
97%
4 MI 1,568,662 Detroit
97%
26 TX 292,352 Houston
97%
16 LA 458,762 New Orleans
97%
3 PA 1,950,961 Philadelphia
97%
59 UT 140,267 Salt Lake City
97%
53 CA 147,995 San Diego
97%
14 DC 486,869 Washington, D.C.
97%
32 GA 270,366 Atlanta
96%
8 MD 804,874 Baltimore
96%
15 MN 464,356 Minneapolis
96%
25 OR 301,815 Portland
96%
6 OH 900,429 Cleveland
95%
21 IN 364,161 Indianapolis
95%
19 MO 399,746 Kansas City
95%
66 KS 121,857 Kansas City
95%
51 TN 153,866 Nashville
95%
43 OK 185,389 Oklahoma City
95%
7 MO 821,960 St. Louis
95%
13 NY 573,076 Buffalo
94%
17 OH 451,160 Cincinnati
94%
12 WI 578,249 Milwaukee
94%
10 PA 669,817 Pittsburgh
94%
38 TX 231,542 San Antonio
94%
91 FL 101,161 Tampa
94%
28 OH 290,564 Columbus
93%
63 FL 129,549 Jacksonville
93%
96 CA 93,750 Sacramento
93%
36 TN 253,143 Memphis
92%
86 TX 102,421 El Paso
91%
48 TX 163,447 Fort Worth
90%
64 NY 127,412 Albany
89%
44 VA 182,929 Richmond
89%
31 MN 271,606 St. Paul
89%
34 AL 259,678 Birmingham
87%
56 IA 142,559 Des Moines
87%
24 KY 307,745 Louisville
87%
39 NE 214,006 Omaha
87%
37 RI 252,981 Providence
86%
58 OK 141,258 Tulsa
85%
18 NJ 442,337 Newark
84%
52 MA 149,900 Springfield
84%
47 CT 164,072 Hartford
83%
30 CA 284,063 Oakland
83%
22 NY 328,132 Rochester
82%
77 KS 111,110 Wichita
82%
70 WA 115,514 Spokane
81%
27 OH 290,718 Toledo
79%
23 NJ 316,715 Jersey City
77%
40 NY 209,326 Syracuse
77%
81 TN 105,802 Knoxville
76%
35 OH 255,040 Akron
74%
69 PA 115,967 Erie
74%
46 MI 168,592 Grand Rapids
73%
49 CT 162,655 New Haven
73%
65 NJ 123,356 Trenton
73%
41 OH 200,982 Dayton
71%
57 CA 142,032 Long Beach
71%
62 VA 129,710 Norfolk
71%
67 TN 119,798 Chattanooga
70%
90 MN 101,463 Duluth
70%
79 WA 106,817 Tacoma
70%
72 IN 114,946 Fort Wayne
69%
92 IN 100,426 Gary
68%
55 PA 143,433 Scranton
65%
80 DE 106,597 Wilmington
65%
61 NY 134,646 Yonkers
65%
54 CT 146,716 Bridgeport
64%
42 MA 195,311 Worcester
63%
50 MI 156,492 Flint
62%
97 PA 92,563 Allentown
60%
84 IN 104,193 South Bend
59%
74 MA 113,643 Cambridge
56%
82 IL 104,969 Peoria
56%
88 IN 102,249 Evansville
53%
89 NY 101,740 Utica
53%
100 IL 85,864 Rockford
52%
45 OH 170,002 Youngstown
52%
73 NJ 114,589 Elizabeth
46%
68 NJ 118,700 Camden
45%
83 OH 104,906 Canton
45%
93 MA 100,234 Lowell
45%
60 NJ 138,513 Paterson
45%
76 PA 111,171 Reading
42%
75 MA 112,597 New Bedford
41%
99 PA 86,626 Wilkes-Barre
41%
95 NY 95,692 Schenectady
40%
94 CT 99,902 Waterbury
36%
71 MA 115,274 Fall River
34%
87 MA 102,320 Lynn
34%
98 NJ 88,979 Bayonne
22%
85 MA 103,908 Somerville
21%
No matching quizzes found
Score Distribution
Percent of People with Each Score
Percentile by Number Answered
Your Score History
You have not taken this quiz